[Event "Titled Tuesday intern op 16th Jan Late"]
[Site "Chess.com INT"]
[Date "2024.01.16"]
[Round "1"]
[White "Prithu, Gupta"]
[Black "Terry, Renato"]
[Result "0-1"]
[WhiteElo "2440"]
[BlackElo "2522"]
[PlyCount "61"]
[EventDate "2024.01.16"]
[EventType "swiss (blitz)"]
[EventRounds "11"]
[EventCountry "USA"]
[SourceTitle "CB04_2024"]
[SourceDate "2023.10.16"]
[SourceVersion "1"]
[SourceVersionDate "2023.10.16"]
[SourceQuality "1"]

1. d4 e6 2. e4 d5 3. exd5 exd5 4. Bd3 Nc6 5. c3 Bd6 6. Nf3 Bg4 7. Be3 Nge7 8. Nbd2 Qd7 9. Qc2 Bf5 10. 0-0-0 0-0-0 11. Bg5 f6 12. Bh4 Bxd3 13. Qxd3 Qf5 14. Qxf5+ Nxf5 15. Bg3 g5 16. Rde1 Kd7 17. Re2 Rde8 18. Rhe1 Rxe2 19. Rxe2 h5 20. Nb3 b6 21. Kd2 Bf8 22. h4 g4 23. Ne1 Nxg3 24. fxg3 Bd6 25. Rf2 Rh6 26. Nd3 Bxg3 27. Rf5 Ne7 28. Rf1 Bxh4 29. Ke2 Bg3 30. Nf4 h4 31. Nc1 0-1

[Event "Titled Tuesday intern op 12th Sep Late"]
[Site "Chess.com INT"]
[Date "2023.09.12"]
[Round "4"]
[White "Fernandez Bustamante, Leancy B"]
[Black "Prithu, Gupta"]
[Result "0-1"]
[WhiteElo "2059"]
[BlackElo "2444"]
[PlyCount "122"]
[EventDate "2023.09.12"]
[EventType "swiss (blitz)"]
[EventRounds "11"]
[EventCountry "USA"]
[SourceTitle "EXT 2024"]
[Source "ChessBase"]
[SourceDate "2023.10.10"]
[SourceVersion "1"]
[SourceVersionDate "2023.10.10"]
[SourceQuality "1"]

1. e4 g6 2. d4 Bg7 3. Nf3 c6 4. Nc3 d5 5. e5 Nh6 6. h3 f6 7. Bxh6 Bxh6 8. exf6 exf6 9. Bd3 0-0 10. 0-0 Na6 11. a3 Nc7 12. Re1 Ne6 13. Ne2 Qd6 14. c3 Ng7 15. Qc2 Bd7 16. b3 Rae8 17. c4 Bf5 18. c5 Qd7 19. Bxf5 Qxf5 20. Qxf5 Nxf5 21. Nc3 Kf7 22. b4 Bf4 23. a4 g5 24. g3 Bc7 25. Kf1 h5 26. Rad1 h4 27. g4 Ng7 28. Rxe8 Rxe8 29. Re1 Rxe1+ 30. Kxe1 Ne6 31. Ne2 b6 32. Kd2 bxc5 33. dxc5 a5 34. Kc3 Kg6 35. Ned4 Nf4 36. b5 Nxh3 37. b6 Bf4 38. b7 Nxf2 39. Nxc6 Nxg4 40. b8Q Bxb8 41. Nxb8 h3 42. c6 Ne5 43. Nxe5+ fxe5 44. c7 h2 45. c8Q h1Q 46. Qe6+ Kh5 47. Qf7+ Kg4 48. Qe6+ Kf4 49. Qf6+ Ke3 50. Qxe5+ Qe4 51. Qxg5+ Ke2 52. Qh5+ Ke1 53. Qh8 Qc4+ 54. Kb2 Qb4+ 55. Kc2 Qxa4+ 56. Kc3 Qa1+ 57. Kd3 Qxh8 58. Nc6 Qf6 59. Nd4 a4 60. Nc2+ Kf2 61. Na3 Qf3+ 0-1

[Event "Titled Tuesday intern op 08th Aug Late"]
[Site "Chess.com INT"]
[Date "2023.08.08"]
[Round "7"]
[White "Ozates, Tuna"]
[Black "Prithu, Gupta"]
[Result "0-1"]
[WhiteElo "2281"]
[BlackElo "2444"]
[PlyCount "96"]
[EventDate "2023.08.08"]
[EventType "swiss (blitz)"]
[EventRounds "11"]
[EventCountry "USA"]
[SourceTitle "EXT 2024"]
[Source "ChessBase"]
[SourceDate "2023.10.10"]
[SourceVersion "1"]
[SourceVersionDate "2023.10.10"]
[SourceQuality "1"]

1. e4 e5 2. Nc3 Nf6 3. g3 Be7 4. Bg2 0-0 5. d3 c6 6. Nf3 d6 7. 0-0 Be6 8. Ng5 Nbd7 9. h3 d5 10. Nxe6 fxe6 11. Qe2 b5 12. h4 b4 13. Nd1 Bc5 14. Be3 Qe7 15. Bxc5 Nxc5 16. a3 b3 17. c3 d4 18. c4 h5 19. Bh3 Qe8 20. Kg2 Qg6 21. f3 Qh6 22. Nf2 Qe3 23. Rfe1 Qxe2 24. Rxe2 Kf7 25. g4 hxg4 26. fxg4 g5 27. hxg5 Nh7 28. Kg3 Nxg5 29. Bg2 Kg7 30. Rh1 Rh8 31. Rh5 Nf7 32. Rd2 Rag8 33. Bf3 Kf6 34. Kh4 Ng5 35. Bd1 Kg6 36. Nh3 Nxh3 37. Kxh3 Rxh5+ 38. gxh5+ Kh6 39. Rf2 Rg1 40. Bg4 Nxd3 41. Rf6+ Kg7 42. Rg6+ Kh7 43. Kh4 Nf2 44. Bxe6 Rxg6 45. Bf5 Kh6 46. hxg6 Nd3 47. Kg4 Nxb2 48. Kf3 Nxc4 0-1

[Event "Titled Tuesday intern op 08th Aug Late"]
[Site "Chess.com INT"]
[Date "2023.08.08"]
[Round "6"]
[White "Prithu, Gupta"]
[Black "Di Berardino, Diego Rafael"]
[Result "1-0"]
[WhiteElo "2444"]
[BlackElo "2479"]
[PlyCount "77"]
[EventDate "2023.08.08"]
[EventType "swiss (blitz)"]
[EventRounds "11"]
[EventCountry "USA"]
[SourceTitle "EXT 2024"]
[Source "ChessBase"]
[SourceDate "2023.10.10"]
[SourceVersion "1"]
[SourceVersionDate "2023.10.10"]
[SourceQuality "1"]

1. c4 g6 2. Nc3 Bg7 3. g3 c5 4. Bg2 Nc6 5. e4 e6 6. Nge2 Nge7 7. 0-0 d6 8. d3 0-0 9. Be3 Nd4 10. Rb1 b6 11. b4 Bb7 12. f4 Qd7 13. Qd2 Rad8 14. b5 d5 15. e5 dxc4 16. dxc4 Bxg2 17. Kxg2 Qb7+ 18. Kh3 Nef5 19. Bg1 f6 20. exf6 Bxf6 21. Nxd4 cxd4 22. Nd1 Qe4 23. Nf2 Qe3 24. Qxe3 dxe3 25. Ng4 Bd4 26. Rfe1 Rc8 27. Rbc1 Rfd8 28. Nxe3 Bxe3 29. Bxe3 Rd3 30. Bg1 Rd2 31. c5 bxc5 32. Rxe6 c4 33. Bxa7 Rxa2 34. b6 Rb2 35. Re4 c3 36. g4 Nd6 37. Re3 Nb7 38. Rexc3 Rd8 39. Rc8 1-0

[Event "Titled Tuesday intern op 18th Apr Late"]
[Site "Chess.com INT"]
[Date "2023.04.18"]
[Round "4"]
[White "Prithu, Gupta"]
[Black "Danielyan, Vahe"]
[Result "0-1"]
[WhiteElo "2444"]
[BlackElo "2346"]
[PlyCount "66"]
[EventDate "2023.04.18"]
[EventType "swiss (blitz)"]
[EventRounds "11"]
[EventCountry "USA"]
[SourceTitle "EXT 2024"]
[Source "ChessBase"]
[SourceDate "2023.10.10"]
[SourceVersion "1"]
[SourceVersionDate "2023.10.10"]
[SourceQuality "1"]

1. c4 g6 2. Nc3 Bg7 3. g3 Nf6 4. Bg2 0-0 5. e4 d6 6. Nge2 c5 7. 0-0 Nc6 8. d3 Bg4 9. h3 Bxe2 10. Qxe2 Rb8 11. Qd2 Nd4 12. b3 b5 13. Bb2 Nd7 14. f4 e6 15. Ne2 h5 16. Nxd4 cxd4 17. Kh2 h4 18. g4 Nc5 19. f5 Be5+ 20. Kh1 g5 21. b4 Na4 22. Bc1 f6 23. fxe6 Qe7 24. cxb5 Nc3 25. a4 Qxe6 26. Bb2 Rfc8 27. Rfc1 Qb3 28. Bf3 Qxb4 29. Bd1 Qc5 30. Bxc3 dxc3 31. Qa2+ Kh8 32. Qf7 Qf2 33. Rc2 Qf1# 0-1

[Event "Titled Tuesday intern op 18th Apr Late"]
[Site "Chess.com INT"]
[Date "2023.04.18"]
[Round "5"]
[White "Ronka, Erik"]
[Black "Prithu, Gupta"]
[Result "1-0"]
[WhiteElo "2281"]
[BlackElo "2444"]
[PlyCount "61"]
[EventDate "2023.04.18"]
[EventType "swiss (blitz)"]
[EventRounds "11"]
[EventCountry "USA"]
[SourceTitle "EXT 2024"]
[Source "ChessBase"]
[SourceDate "2023.10.10"]
[SourceVersion "1"]
[SourceVersionDate "2023.10.10"]
[SourceQuality "1"]

1. e4 d6 2. d4 g6 3. Nf3 Bg7 4. Bc4 Nd7 5. Bxf7+ Kf8 6. Ng5 Ndf6 7. Nc3 Nh6 8. Ne6+ Bxe6 9. Bxe6 Nf7 10. 0-0 c5 11. d5 h5 12. h3 Bh6 13. f4 h4 14. Qf3 Nh5 15. e5 Ng3 16. Rf2 Kg7 17. Ne4 Nf5 18. c3 dxe5 19. Kh2 exf4 20. Bxf4 Bxf4+ 21. Qxf4 N7d6 22. Ng5 Qb8 23. Qe5+ Kh6 24. Bxf5 Nxf5 25. Nf7+ Kh7 26. d6 exd6 27. Qf6 d5+ 28. Kg1 Qg3 29. Nxh8 Rxh8 30. Raf1 Qd6 31. Rxf5 1-0

[Event "Titled Tuesday intern op 22nd Nov Early"]
[Site "Chess.com INT"]
[Date "2022.11.22"]
[Round "5"]
[White "Prithu, Gupta"]
[Black "Osmak, Iulija"]
[Result "0-1"]
[WhiteElo "2444"]
[BlackElo "2442"]
[PlyCount "114"]
[EventDate "2022.11.22"]
[EventType "swiss (blitz)"]
[EventRounds "11"]
[EventCountry "USA"]
[SourceTitle "CBM 211 Extra"]
[Source "ChessBase"]
[SourceDate "2023.01.31"]
[SourceVersion "1"]
[SourceVersionDate "2023.01.31"]
[SourceQuality "1"]

1. c4 e5 2. Nc3 Nf6 3. Nf3 e4 4. Ng5 c6 5. Ngxe4 Nxe4 6. Nxe4 d5 7. Nc3 d4 8. Nb1 c5 9. e3 Nc6 10. Be2 d3 11. Bf3 Nb4 12. Na3 Be7 13. 0-0 0-0 14. Nb5 Be6 15. b3 Bf6 16. Rb1 Nxa2 17. Bxb7 Rb8 18. Qf3 a6 19. Bxa6 Qb6 20. Ba3 Nb4 21. Bxb4 cxb4 22. Nd4 Qxa6 23. Ra1 Qb6 24. Qe4 Rbd8 25. Nxe6 Qxe6 26. Qxe6 fxe6 27. Ra4 Ra8 28. Rxb4 Ra2 29. Rd1 Rfa8 30. f4 Ra1 31. Rxa1 Rxa1+ 32. Kf2 Rd1 33. Rb8+ Kf7 34. Rb7+ Kg6 35. Rd7 Rxd2+ 36. Kf3 Rd1 37. c5 d2 38. c6 Rc1 39. Rxd2 Rxc6 40. Rd3 Rc3 41. Rxc3 Bxc3 42. e4 Kf6 43. e5+ Ke7 44. Ke4 h5 45. f5 Kf7 46. g3 Bd2 47. h3 exf5+ 48. Kxf5 g6+ 49. Ke4 Ke6 50. g4 hxg4 51. hxg4 g5 52. Kd4 Bf4 53. b4 Bxe5+ 54. Ke4 Bb8 55. b5 Bc7 56. Kd4 Bb6+ 57. Ke4 Ba7 0-1

[Event "Titled Tuesday intern op 22nd Nov Early"]
[Site "Chess.com INT"]
[Date "2022.11.22"]
[Round "6"]
[White "Prithu, Gupta"]
[Black "Pranav, Anand"]
[Result "0-1"]
[WhiteElo "2444"]
[BlackElo "2502"]
[PlyCount "72"]
[EventDate "2022.11.22"]
[EventType "swiss (blitz)"]
[EventRounds "11"]
[EventCountry "USA"]
[SourceTitle "CBM 211 Extra"]
[Source "ChessBase"]
[SourceDate "2023.01.31"]
[SourceVersion "1"]
[SourceVersionDate "2023.01.31"]
[SourceQuality "1"]

1. d4 Nf6 2. c4 e6 3. Nf3 Bb4+ 4. Nbd2 0-0 5. e3 d5 6. a3 Bd6 7. c5 Be7 8. b4 a5 9. Bb2 b6 10. Bd3 bxc5 11. bxc5 Ba6 12. Qe2 Bxd3 13. Qxd3 Nc6 14. 0-0 a4 15. Bc3 Qd7 16. Rfb1 Rfb8 17. Rxb8+ Rxb8 18. Rb1 Ra8 19. Rb5 Qc8 20. h3 h6 21. g4 Qa6 22. Qf1 Nd7 23. h4 e5 24. dxe5 Nxc5 25. g5 h5 26. Nd4 Nxd4 27. exd4 Ne6 28. Rb8+ Kh7 29. Rxa8 Qxa8 30. Qd3+ g6 31. Qf3 Kg7 32. Bb2 Qb7 33. Bc1 c6 34. Qc3 Qb5 35. Nf1 c5 36. dxc5 Bxc5 0-1

[Event "Titled Tuesday intern op 15th Nov Late"]
[Site "Chess.com INT"]
[Date "2022.11.15"]
[Round "1"]
[White "Crevatin, Leo"]
[Black "Prithu, Gupta"]
[Result "0-1"]
[WhiteElo "2301"]
[BlackElo "2444"]
[PlyCount "84"]
[EventDate "2022.11.15"]
[EventType "swiss (blitz)"]
[EventRounds "11"]
[EventCountry "USA"]
[SourceTitle "CBM 211 Extra"]
[Source "ChessBase"]
[SourceDate "2023.01.31"]
[SourceVersion "1"]
[SourceVersionDate "2023.01.31"]
[SourceQuality "1"]

1. d4 Nf6 2. Bf4 d5 3. e3 Bf5 4. Bd3 Bxd3 5. cxd3 e6 6. Nf3 Bd6 7. Ne5 0-0 8. 0-0 c5 9. dxc5 Bxc5 10. Qb3 Qb6 11. Nc3 Qxb3 12. axb3 Na6 13. d4 Be7 14. Nd3 Rfc8 15. Rfc1 Rc6 16. f3 Nh5 17. Nb5 Nxf4 18. Rxc6 Nxd3 19. Rc2 Ndb4 20. Rd2 Nc6 21. Kf2 Nab4 22. Rc1 a6 23. Nc3 f5 24. Ne2 g5 25. g4 Kf7 26. gxf5 exf5 27. Ng3 Ke6 28. e4 fxe4 29. fxe4 g4 30. exd5+ Kxd5 31. Kg2 Rf8 32. Re1 Rf3 33. Ne4 Bh4 34. Nc3+ Kd6 35. Re8 Ne7 36. Rh8 Nf5 37. Ne4+ Kc6 38. Rc8+ Kb6 39. Rc1 Nd3 40. Rb1 Ne3+ 41. Kg1 Be1 42. Rxe1 Nxe1 0-1

[Event "Titled Tuesday intern op 02nd Aug Early"]
[Site "Chess.com INT"]
[Date "2022.08.02"]
[Round "2"]
[White "Prithu, Gupta"]
[Black "Bueno, Alfeu Varela Jr"]
[Result "0-1"]
[WhiteElo "2444"]
[BlackElo "2145"]
[PlyCount "40"]
[EventDate "2022.08.02"]
[EventType "swiss (blitz)"]
[EventRounds "11"]
[EventCountry "USA"]
[SourceTitle "EXT 2023"]
[Source "ChessBase"]
[SourceDate "2022.10.05"]
[SourceVersion "1"]
[SourceVersionDate "2022.10.05"]
[SourceQuality "1"]

1. d4 e6 2. c4 f5 3. Nc3 b6 4. e4 fxe4 5. Nxe4 Nf6 6. Bd3 Bb7 7. Qe2 Bb4+ 8. Kd1 0-0 9. Nf3 Nc6 10. Bg5 Be7 11. Bxf6 Bxf6 12. Nxf6+ Qxf6 13. Qe4 g6 14. Qe3 Nb4 15. Be2 c5 16. a3 Nc6 17. dxc5 Qxb2 18. Rc1 Na5 19. Qe5 Qxa3 20. h4 Qxc5 0-1

[Event "Chess.com Rapid Wk22 Swiss"]
[Site "Chess.com INT"]
[Date "2022.07.23"]
[Round "5"]
[White "Prithu, Gupta"]
[Black "Bharath, Subramaniyam H"]
[Result "0-1"]
[WhiteElo "2444"]
[BlackElo "2479"]
[PlyCount "84"]
[EventDate "2022.07.23"]
[EventType "swiss (rapid)"]
[EventRounds "9"]
[EventCountry "USA"]
[SourceTitle "CBM 209 Extra"]
[Source "ChessBase"]
[SourceDate "2022.09.30"]
[SourceVersion "1"]
[SourceVersionDate "2022.09.30"]
[SourceQuality "1"]

1. d4 Nf6 2. c4 b6 3. f3 Nc6 4. d5 Ne5 5. e4 Ng6 6. Nc3 e5 7. g3 Bc5 8. Nge2 0-0 9. h4 Nh5 10. Bh3 d6 11. Bf5 Ne7 12. g4 Nf4 13. Nxf4 exf4 14. Bxf4 Ng6 15. Bg5 f6 16. Bd2 Ne5 17. Qe2 Ba6 18. Be6+ Kh8 19. b3 Bd4 20. 0-0-0 c5 21. dxc6 Nxc6 22. Qd3 Bc5 23. f4 Nb4 24. Qe2 Rb8 25. Kb2 Qe8 26. f5 b5 27. cxb5 Bxb5 28. Nxb5 Rxb5 29. Bc3 a5 30. a3 Na6 31. g5 Nc7 32. Bc4 Rb7 33. gxf6 gxf6 34. Qg2 Nb5 35. Bxa5 Bxa3+ 36. Ka2 Qa8 37. Rhg1 Bb4 38. Kb2 Bxa5 39. Bxb5 Rc8 40. e5 Bc3+ 41. Kc2 Bxe5+ 42. Kd3 Rc3+ 0-1

[Event "Chess.com Rapid Wk22 Swiss"]
[Site "Chess.com INT"]
[Date "2022.07.23"]
[Round "8"]
[White "Sychev, Klementy"]
[Black "Prithu, Gupta"]
[Result "1-0"]
[WhiteElo "2534"]
[BlackElo "2444"]
[PlyCount "51"]
[EventDate "2022.07.23"]
[EventType "swiss (rapid)"]
[EventRounds "9"]
[EventCountry "USA"]
[SourceTitle "CBM 209 Extra"]
[Source "ChessBase"]
[SourceDate "2022.09.30"]
[SourceVersion "1"]
[SourceVersionDate "2022.09.30"]
[SourceQuality "1"]

1. d4 Nf6 2. c4 e6 3. Nc3 Bb4 4. g3 d5 5. Bg2 0-0 6. Nf3 c5 7. 0-0 cxd4 8. Nxd4 dxc4 9. Qa4 Qxd4 10. Qxb4 Nc6 11. Bxc6 bxc6 12. Be3 Qg4 13. f3 Qh5 14. Qxc4 Nd5 15. Qxc6 Nxe3 16. Qxa8 Nxf1 17. Rxf1 Qc5+ 18. Kg2 Qb6 19. Qe4 Qxb2 20. Qe3 h5 21. Rb1 Qc2 22. Rb8 Ba6 23. Rxf8+ Kxf8 24. Qxa7 Bxe2 25. Qb8+ Ke7 26. Qc7+ 1-0

[Event "Titled Tuesday intern op 25th Jan"]
[Site "Chess.com INT"]
[Date "2022.01.25"]
[Round "4"]
[White "Prithu, Gupta"]
[Black "Krzywda, Andrzej"]
[Result "0-1"]
[WhiteElo "2444"]
[BlackElo "2152"]
[PlyCount "64"]
[EventDate "2022.01.25"]
[EventType "swiss (blitz)"]
[EventRounds "11"]
[EventCountry "USA"]
[SourceTitle "CBM 206 Extra"]
[Source "ChessBase"]
[SourceDate "2022.03.31"]
[SourceVersion "1"]
[SourceVersionDate "2022.03.31"]
[SourceQuality "1"]

1. c4 c5 2. Nc3 g6 3. g3 Bg7 4. Bg2 Nc6 5. Nf3 d6 6. 0-0 e5 7. e3 Nge7 8. b3 0-0 9. Bb2 f5 10. d3 Rb8 11. a3 a6 12. d4 cxd4 13. exd4 e4 14. Ne1 Nxd4 15. Nc2 Nxb3 16. Rb1 Nc5 17. f3 Nd3 18. Ba1 Qc7 19. fxe4 Qc5+ 20. Kh1 Nf2+ 21. Rxf2 Qxf2 22. Nb4 Qd4 23. Qe2 Qc5 24. Nxa6 Qa5 25. Nxb8 Bxc3 26. exf5 Nxf5 27. Bd5+ Kg7 28. Qd2 Qc7 29. Qxc3+ Kh6 30. Qd2+ g5 31. Bd4 Qxb8 32. h4 Ne3 0-1

[Event "Titled Tuesday intern op 25th Jan"]
[Site "Chess.com INT"]
[Date "2022.01.25"]
[Round "6"]
[White "Torres Hernandez, Leslie Carolin"]
[Black "Prithu, Gupta"]
[Result "0-1"]
[WhiteElo "1884"]
[BlackElo "2444"]
[PlyCount "76"]
[EventDate "2022.01.25"]
[EventType "swiss (blitz)"]
[EventRounds "11"]
[EventCountry "USA"]
[SourceTitle "CBM 206 Extra"]
[Source "ChessBase"]
[SourceDate "2022.03.31"]
[SourceVersion "1"]
[SourceVersionDate "2022.03.31"]
[SourceQuality "1"]

1. e4 e5 2. Nf3 Nc6 3. Bc4 Nf6 4. Qe2 Bc5 5. 0-0 0-0 6. c3 d6 7. h3 a5 8. a4 Be6 9. Rd1 d5 10. exd5 Bxd5 11. Bxd5 Qxd5 12. d4 exd4 13. cxd4 Nxd4 14. Nxd4 Bxd4 15. Be3 c5 16. Nc3 Qd7 17. Bxd4 cxd4 18. Nb5 Rfe8 19. Qf3 Re4 20. Rd3 Rae8 21. Rad1 Re1+ 22. Kh2 Rxd1 23. Qxd1 Qf5 24. Rf3 Qe5+ 25. g3 Rd8 26. Rd3 Qf5 27. Kg2 Ne4 28. Qf3 Qxf3+ 29. Kxf3 Nc5 30. Rxd4 Rxd4 31. Nxd4 Nxa4 32. b3 Nc5 33. Ke3 Kf8 34. Kd2 Ke7 35. Kc3 Ne4+ 36. Kc4 Nxf2 37. Kb5 Ne4 38. g4 Nf2 0-1

[Event "Titled Tuesday intern op 18th Jan"]
[Site "Chess.com INT"]
[Date "2022.01.18"]
[Round "2"]
[White "Prithu, Gupta"]
[Black "Vazquez, Facundo"]
[Result "0-1"]
[WhiteElo "2444"]
[BlackElo "2319"]
[PlyCount "60"]
[EventDate "2022.01.18"]
[EventType "swiss (blitz)"]
[EventRounds "11"]
[EventCountry "USA"]
[SourceTitle "CBM 206 Extra"]
[Source "ChessBase"]
[SourceDate "2022.03.31"]
[SourceVersion "1"]
[SourceVersionDate "2022.03.31"]
[SourceQuality "1"]

1. c4 e5 2. Nc3 Nf6 3. Nf3 Nc6 4. e4 Bc5 5. Nxe5 Nxe5 6. d4 Bd6 7. c5 Bxc5 8. dxe5 Ng8 9. Bc4 Ne7 10. Bg5 c6 11. 0-0 b5 12. Bb3 a5 13. a4 b4 14. Ne2 Ba6 15. Ng3 Bxf1 16. Qxf1 Qb6 17. Rd1 Ng6 18. Qc4 Bxf2+ 19. Kf1 0-0 20. Rxd7 Bxg3 21. Rxf7 Rxf7+ 22. Qxf7+ Kh8 23. e6 Rf8 24. hxg3 Rxf7+ 25. exf7 Qc5 26. Bf4 Nxf4 27. gxf4 g6 28. e5 Kg7 29. e6 Kf8 30. g4 Qc1+ 0-1

[Event "Titled Tuesday intern op 11th Jan"]
[Site "Chess.com INT"]
[Date "2022.01.11"]
[Round "8"]
[White "Belenkaya, Dina"]
[Black "Prithu, Gupta"]
[Result "1-0"]
[WhiteElo "2277"]
[BlackElo "2444"]
[PlyCount "89"]
[EventDate "2022.01.11"]
[EventType "swiss (blitz)"]
[EventRounds "11"]
[EventCountry "USA"]
[SourceTitle "CBM 206 Extra"]
[Source "ChessBase"]
[SourceDate "2022.03.31"]
[SourceVersion "1"]
[SourceVersionDate "2022.03.31"]
[SourceQuality "1"]

1. Nf3 d5 2. g3 Bg4 3. Bg2 Nd7 4. d3 e5 5. h3 Bxf3 6. Bxf3 Ngf6 7. Bg2 h5 8. Nd2 h4 9. g4 c6 10. c4 Bc5 11. Qb3 Qb6 12. cxd5 Bxf2+ 13. Kd1 Qxb3+ 14. Nxb3 Nxd5 15. Rf1 Bg3 16. e3 f6 17. Be4 0-0-0 18. Ke2 Kb8 19. Bd2 Nc7 20. a4 Ne6 21. a5 Ndc5 22. Nxc5 Nxc5 23. Ra3 Nxe4 24. dxe4 Rd7 25. a6 bxa6 26. Rxa6 Rb7 27. Bc3 Rb6 28. Ra4 Rd8 29. Rfa1 Rd7 30. Rc4 Kb7 31. Ra5 Rb5 32. Ra2 Rd8 33. Rca4 Ra8 34. Bb4 c5 35. Bc3 a6 36. Ba5 g6 37. Rc4 Rf8 38. Bc3 f5 39. exf5 gxf5 40. gxf5 Rxf5 41. Rg4 Rf2+ 42. Kd3 Rf7 43. Kc4 Rd7 44. Rg6 Re7 45. Rgxa6 1-0

[Event "Titled Tuesday intern op 11th Jan"]
[Site "Chess.com INT"]
[Date "2022.01.11"]
[Round "1"]
[White "Postnikov, Daniil"]
[Black "Prithu, Gupta"]
[Result "1-0"]
[WhiteElo "2360"]
[BlackElo "2444"]
[PlyCount "95"]
[EventDate "2022.01.11"]
[EventType "swiss (blitz)"]
[EventRounds "11"]
[EventCountry "USA"]
[SourceTitle "CBM 206 Extra"]
[Source "ChessBase"]
[SourceDate "2022.03.31"]
[SourceVersion "1"]
[SourceVersionDate "2022.03.31"]
[SourceQuality "1"]

1. e4 e5 2. Nf3 Nc6 3. Nc3 Nf6 4. Bb5 d6 5. d4 Bd7 6. 0-0 Be7 7. Bg5 exd4 8. Nxd4 0-0 9. Bxc6 bxc6 10. Qf3 Rb8 11. Rab1 c5 12. Nf5 Bxf5 13. Qxf5 Nd7 14. Bxe7 Qxe7 15. Nd5 Qd8 16. b3 Nf6 17. Rbd1 Re8 18. Nc3 Qe7 19. Rfe1 Rb4 20. Re3 Rd4 21. Rde1 g6 22. Qh3 Rd2 23. f4 Qd8 24. e5 dxe5 25. fxe5 Nd5 26. Nxd5 Qxd5 27. c4 Qd4 28. Qg3 Rxa2 29. Kh1 Ra1 30. h3 Rxe1+ 31. Qxe1 a5 32. e6 Rxe6 33. Rxe6 fxe6 34. Qxe6+ Kg7 35. Qe7+ Kh6 36. Qxc7 Qd1+ 37. Kh2 Qxb3 38. Qxc5 a4 39. Qf8+ Kg5 40. Qd8+ Kh6 41. Qd2+ Kg7 42. Qd4+ Kf7 43. c5 a3 44. c6 a2 45. c7 a1Q 46. Qxa1 Qc2 47. Qa7 Kf6 48. Qa6+ 1-0

[Event "Cappelle Online Blitz op"]
[Site "Europe Echecs INT"]
[Date "2022.01.09"]
[Round "11"]
[White "Aghamir Alrobiai, Nizar"]
[Black "Prithu, Gupta"]
[Result "1-0"]
[WhiteElo "2118"]
[BlackElo "2444"]
[PlyCount "129"]
[EventDate "2022.01.09"]
[EventType "swiss (blitz)"]
[EventRounds "11"]
[EventCountry "FRA"]
[SourceTitle "EXT 2023"]
[Source "ChessBase"]
[SourceDate "2022.10.05"]
[SourceVersion "1"]
[SourceVersionDate "2022.10.05"]
[SourceQuality "1"]

1. e4 d5 2. exd5 Qxd5 3. Nc3 Qd8 4. Bc4 g6 5. Nf3 Bg7 6. 0-0 Nf6 7. d4 0-0 8. Ne5 a6 9. Bb3 Nbd7 10. Bg5 c5 11. Nxd7 Qxd7 12. dxc5 Qf5 13. Bxf6 Bxf6 14. Nd5 Be6 15. Nxf6+ Qxf6 16. Bxe6 Qxe6 17. Re1 Qf6 18. c3 Rfd8 19. Qe2 e6 20. Red1 Rxd1+ 21. Rxd1 Rc8 22. Qe3 Qf5 23. b4 Qc2 24. Qd2 Qe4 25. Qd3 Qe5 26. g3 Qh5 27. Kg2 e5 28. Qf3 Qxf3+ 29. Kxf3 b6 30. cxb6 Rxc3+ 31. Kg2 Rc8 32. b7 Rb8 33. Rd7 Kf8 34. Rc7 Kg7 35. a4 Kf6 36. b5 a5 37. Kf3 Ke6 38. g4 Kd6 39. b6 f5 40. gxf5 gxf5 41. Ke3 h5 42. h4 Ke6 43. Kd3 Kd5 44. f3 f4 45. Rd7+ Kc6 46. Re7 Rxb7 47. Rxb7 Kxb7 48. Ke4 Kxb6 49. Kxe5 Kc5 50. Kxf4 Kb4 51. Kg5 Kxa4 52. f4 Kb3 53. f5 a4 54. f6 a3 55. f7 a2 56. f8Q a1Q 57. Qf7+ Kb4 58. Qf4+ Kc5 59. Kxh5 Kd5 60. Kg6 Qa6+ 61. Qf6 Qe2 62. h5 Qe1 63. h6 Qh1 64. h7 Kc4 65. h8Q 1-0

[Event "Cappelle Online Blitz op"]
[Site "Europe Echecs INT"]
[Date "2022.01.09"]
[Round "9"]
[White "Cavailles, Evan"]
[Black "Prithu, Gupta"]
[Result "0-1"]
[WhiteElo "2101"]
[BlackElo "2444"]
[PlyCount "82"]
[EventDate "2022.01.09"]
[EventType "swiss (blitz)"]
[EventRounds "11"]
[EventCountry "FRA"]
[SourceTitle "EXT 2023"]
[Source "ChessBase"]
[SourceDate "2022.10.05"]
[SourceVersion "1"]
[SourceVersionDate "2022.10.05"]
[SourceQuality "1"]

1. e4 e5 2. Nf3 Nc6 3. Bb5 g6 4. 0-0 d6 5. c3 Bd7 6. d4 Bg7 7. Re1 Nge7 8. dxe5 dxe5 9. Be3 0-0 10. Qe2 Qe8 11. Na3 a6 12. Bc4 h6 13. Rad1 Kh7 14. h3 Nc8 15. Rd2 Nd6 16. Bd5 f5 17. Bc5 fxe4 18. Bxe4 Nxe4 19. Qxe4 Rf4 20. Qe3 Bf5 21. Nc4 Rxc4 22. b3 Re4 23. Qxe4 Bxe4 24. Rxe4 Rd8 25. Rde2 Rd1+ 26. Kh2 g5 27. h4 Qh5 28. g4 Qf7 29. R2e3 gxh4 30. g5 b6 31. Ba3 Qf5 32. Rxh4 e4 33. Rhxe4 hxg5 34. Kg2 g4 35. Nh4 Qh5 36. Rg3 Qxh4 37. Rgxg4 Qh1+ 38. Kg3 Rg1+ 39. Kf4 Rxg4+ 40. Kxg4 Qxe4+ 41. Kg3 Be5+ 0-1

[Event "Cappelle Online Blitz op"]
[Site "Europe Echecs INT"]
[Date "2022.01.09"]
[Round "5"]
[White "Chitlange, Sakshi"]
[Black "Prithu, Gupta"]
[Result "1-0"]
[WhiteElo "2132"]
[BlackElo "2444"]
[PlyCount "73"]
[EventDate "2022.01.09"]
[EventType "swiss (blitz)"]
[EventRounds "11"]
[EventCountry "FRA"]
[SourceTitle "EXT 2023"]
[Source "ChessBase"]
[SourceDate "2022.10.05"]
[SourceVersion "1"]
[SourceVersionDate "2022.10.05"]
[SourceQuality "1"]

1. d4 Nf6 2. c4 e6 3. g3 Bb4+ 4. Nd2 0-0 5. Bg2 d5 6. Ngf3 dxc4 7. Qc2 b5 8. a4 Bb7 9. axb5 a6 10. bxa6 Nxa6 11. 0-0 Bxd2 12. Bxd2 Bd5 13. Bg5 Nb4 14. Qc3 Rxa1 15. Rxa1 Qb8 16. Bxf6 gxf6 17. Nd2 Bxg2 18. Kxg2 Nd5 19. Qc2 Qb6 20. e3 Rb8 21. Nxc4 Qc6 22. Kg1 Rb4 23. b3 Qb7 24. Na5 Qb5 25. Nc6 Rxb3 26. Ra8+ Kg7 27. Rb8 Qxc6 28. Qxb3 Qc1+ 29. Kg2 Qe1 30. Qd3 f5 31. Rb1 Qa5 32. e4 fxe4 33. Qxe4 Qa8 34. h4 Qa2 35. Kg1 Nc3 36. Qg4+ Kf6 37. Qg5# 1-0